| 000 | 00644 a2200205 4500 | ||
|---|---|---|---|
| 001 | 58596 | ||
| 005 | 20260407155842.0 | ||
| 008 | 260407a1967 arg spa d | ||
| 003 | AR-UNSa-BCEJYS | ||
| 040 |
_aAR-UNSa-BCEJYS _bspa _cAR-UNSa-BCEJYS |
||
| 080 |
_a(038) _xDiccionarios. Diccionarios de idiomas. Diccionarios sobre materias específicas y diccionarios técnicos |
||
| 245 | 1 | 0 | _aBreve diccionario etimológico de la lengua castellana |
| 250 | _a2a. ed. | ||
| 264 | 1 |
_aMadrid : _bGredos _c1967 |
|
| 300 |
_a627 p. _c25 cm. |
||
| 041 | _aspa | ||
| 942 | _cBK | ||
| 590 | _aniveau_biblio:m niveau_hierar:0 | ||
| 100 | 1 | _aCorominas, Joan | |
| 999 |
_c6465 _d6465 |
||